[Event "ODEM U14 2010"]
[Site "Oberhof GER"]
[Date "2010.05.28"]
[Round "6"]
[White "Nobis, Philipp"]
[Black "Hansch, Karsten"]
[Result "0-1"]
[Termination "normal"]
[Board "1"]
[WhiteElo "1515"]
[BlackElo "1885"]
[PlyCount "124"]
[WhiteFideId "24602183"]
[BlackFideId "24692239"]
[EventCountry "GER"]
[EventRounds "7"]
[EventType "swiss"]
[EventDate "2010.05.22"]

1. c4 Nf6 2. Nc3 g6 3. g3 Bg7 4. Bg2 O-O 5. d4 d6 6. Nf3 Nbd7 7. O-O c6 8. e4
Nb6 9. Qd3 Nfd7 10. a4 c5 11. d5 Ne5 12. Nxe5 Bxe5 13. Bh6 Bg7 14. Bxg7 Kxg7
15. f4 Nd7 16. Rae1 f6 17. h3 Nb6 18. b3 Nd7 19. Kh2 Rb8 20. Nb1 a6 21. Nd2 b5
22. axb5 axb5 23. Nf3 Ba6 24. Ra1 Qc8 25. Rfe1 bxc4 26. bxc4 Rb4 27. Rac1 Nb6
28. Nd2 Na4 29. e5 fxe5 30. fxe5 Qf5 31. Qxf5 Rxf5 32. exd6 exd6 33. Re7+ Rf7
34. Re6 Nb2 35. Rxd6 Nxc4 36. Rxa6 Nxd2 37. Rxc5 Rb2 38. Kg1 Rb1+ 39. Kh2 Rb2
40. Rc1 Nf1+ 41. Kg1 Nxg3 42. Rc5 Ne2+ 43. Kh2 Nf4 44. d6 Rxg2+ 45. Kh1 Rd2 46.
Rc7 Nxh3 47. Raa7 Ng5 48. Ra6 Rxd6 49. Rxf7+ Nxf7 50. Rxd6 Nxd6 51. Kg2 Kf6 52.
Kg3 Kg5 53. Kh3 Kf4 54. Kg2 h5 55. Kh3 g5 56. Kh2 Ne4 57. Kh3 h4 58. Kh2 g4 59.
Kh1 g3 60. Kg1 h3 61. Kh1 Nf2+ 62. Kg1 h2+ 0-1

[Event "ODEM U14 2010"]
[Site "Oberhof GER"]
[Date "2010.05.28"]
[Round "6"]
[White "Tran, Khoa Anh Le"]
[Black "Bosse, Lea"]
[Result "1-0"]
[Termination "normal"]
[Board "3"]
[WhiteElo "1588"]
[BlackElo "1450"]
[PlyCount "69"]
[BlackFideId "12900419"]
[EventCountry "GER"]
[EventRounds "7"]
[EventType "swiss"]
[EventDate "2010.05.22"]

1. e4 d5 2. exd5 Qxd5 3. Nc3 Qa5 4. d4 Nf6 5. Bd2 c6 6. Nf3 Bf5 7. Bc4 Nbd7 8.
O-O e6 9. a3 Qc7 10. b4 b5 11. Bb3 Rc8 12. h3 Bd6 13. Re1 O-O 14. Nh4 Bg6 15.
Nxg6 hxg6 16. Ne4 Be7 17. Bg5 Rfd8 18. Nxf6+ gxf6 19. Be3 c5 20. c3 c4 21. Bc2
Nb6 22. Qg4 f5 23. Qf3 Nd5 24. Bd2 a5 25. g4 fxg4 26. hxg4 Kg7 27. Kg2 a4 28.
Rh1 Rh8 29. g5 Bd6 30. Be4 Qc6 31. Rxh8 Kxh8 32. Rh1+ Kg8 33. Kg1 Kg7 34. Bxd5
Qxd5 35. Qf6+ 1-0

[Event "ODEM U14 2010"]
[Site "Oberhof GER"]
[Date "2010.05.28"]
[Round "6"]
[White "Hansch, Stephan"]
[Black "Bach, Marc-Andre"]
[Result "1-0"]
[Termination "normal"]
[Board "4"]
[WhiteElo "1832"]
[BlackElo "1298"]
[PlyCount "35"]
[BlackFideId "1270773"]
[EventCountry "GER"]
[EventRounds "7"]
[EventType "swiss"]
[EventDate "2010.05.22"]

1. d4 d5 2. Nf3 Bf5 3. e3 e6 4. Be2 Nc6 5. h3 Bd6 6. O-O Nf6 7. b3 h5 8. Bb2 h4
9. c4 b6 10. cxd5 exd5 11. Bb5 Bd7 12. Bd3 Ne4 13. Nc3 Bf5 14. Qc2 Nxc3 15.
Bxf5 Ne4 16. Qxc6+ Kf8 17. Bxe4 dxe4 18. Qxe4 1-0

[Event "ODEM U14 2010"]
[Site "Oberhof GER"]
[Date "2010.05.28"]
[Round "6"]
[White "Bauer, Lukas"]
[Black "Edel, Fenja"]
[Result "1/2-1/2"]
[Termination "normal"]
[Board "5"]
[WhiteElo "1272"]
[BlackElo "1511"]
[PlyCount "107"]
[WhiteFideId "12907715"]
[BlackFideId "24696749"]
[EventCountry "GER"]
[EventRounds "7"]
[EventType "swiss"]
[EventDate "2010.05.22"]

1. e4 e6 2. d4 d5 3. Nd2 Nf6 4. e5 Nfd7 5. c3 c5 6. Ndf3 Nc6 7. a3 Qb6 8. Nh3
cxd4 9. cxd4 Be7 10. Be2 O-O 11. O-O f6 12. exf6 Nxf6 13. b4 a6 14. Bb2 Bd7 15.
Ne5 Bd6 16. Nxd7 Nxd7 17. Bg4 Rae8 18. Ng5 Nd8 19. Kh1 h6 20. Nh3 Nf6 21. f4
Nc6 22. f5 Nxg4 23. Qxg4 exf5 24. Rxf5 Rxf5 25. Qxf5 Ne7 26. Qe6+ Kh8 27. Nf4
Qd8 28. Nxd5 Bxh2 29. Re1 Bg3 30. Re3 Rf8 31. Rxg3 Nxd5 32. Qe5 Nf6 33. d5 Rf7
34. Re3 Qxd5 35. Qxd5 Nxd5 36. Re5 Nb6 37. Bd4 Nc4 38. Re8+ Kh7 39. a4 b5 40.
axb5 axb5 41. Rb8 Nd6 42. Bc5 Nb7 43. Kh2 Kg6 44. Kh3 Kf5 45. g4+ Ke5 46. Kh4
Kd5 47. Rf8 Rc7 48. Rf5+ Kc4 49. Rf4+ Kd5 50. Rf5+ Ke4 51. Bf8 Rc1 52. Rxb5 Rc7
53. g5 hxg5+ 54. Rxg5 1/2-1/2

[Event "ODEM U14 2010"]
[Site "Oberhof GER"]
[Date "2010.05.28"]
[Round "6"]
[White "Ewert, Paul"]
[Black "Wierzbicki, Jirawat"]
[Result "1/2-1/2"]
[Termination "normal"]
[Board "7"]
[WhiteElo "1519"]
[BlackElo "1428"]
[PlyCount "93"]
[BlackFideId "1153579"]
[EventCountry "GER"]
[EventRounds "7"]
[EventType "swiss"]
[EventDate "2010.05.22"]

1. e4 c5 2. Nf3 d6 3. Nc3 Nf6 4. Be2 g6 5. d4 cxd4 6. Nxd4 Bg7 7. O-O O-O 8.
Bg5 Nc6 9. Nb3 Be6 10. Kh1 Rc8 11. f4 a6 12. Bf3 Qd7 13. Rb1 Rfd8 14. Nd5 Bxd5
15. exd5 Na7 16. Re1 Nb5 17. Bxf6 exf6 18. Qd3 Re8 19. c4 Nc7 20. Nd4 Rxe1+ 21.
Rxe1 Re8 22. Re2 Rxe2 23. Qxe2 f5 24. Qd2 Qe7 25. g3 Qf6 26. Nb3 Qxb2 27. Qxb2
Bxb2 28. c5 Ba3 29. Kg2 Kf8 30. cxd6 Bxd6 31. Na5 b5 32. Nb7 Ke7 33. Kf2 Bb4
34. Ke3 a5 35. Kd4 Ne8 36. Be2 Nd6 37. Nxd6 Kxd6 38. Bxb5 Bc5+ 39. Kd3 Bg1 40.
h3 Bh2 41. g4 Bxf4 42. gxf5 gxf5 43. Be8 f6 44. Bf7 Be5 45. Be6 h6 46. h4 Bg3
47. h5 1/2-1/2

[Event "ODEM U14 2010"]
[Site "Oberhof GER"]
[Date "2010.05.28"]
[Round "6"]
[White "Halas, Lena"]
[Black "Strauch, Nicholas"]
[Result "1-0"]
[Termination "normal"]
[Board "8"]
[WhiteElo "1434"]
[BlackElo "1231"]
[PlyCount "111"]
[WhiteFideId "12931799"]
[EventCountry "GER"]
[EventRounds "7"]
[EventType "swiss"]
[EventDate "2010.05.22"]

1. e4 c5 2. Nf3 g6 3. d4 cxd4 4. Nxd4 Bg7 5. Be3 Nc6 6. Nc3 Nf6 7. Bc4 O-O 8.
f3 Qb6 9. Qd2 Ng4 10. Nxc6 Qxc6 11. Bd5 Qf6 12. fxg4 Qh4+ 13. Qf2 Qxg4 14. Qf3
Qh4+ 15. g3 Qh3 16. Bd2 e6 17. Bc4 b6 18. Bf1 Qh5 19. Qxh5 gxh5 20. O-O-O Bb7
21. Be2 f5 22. Bxh5 fxe4 23. Rhf1 Rxf1 24. Rxf1 Kh8 25. Re1 d5 26. Nb5 d4 27.
Nc7 Rc8 28. Nxe6 e3 29. Nxg7 exd2+ 30. Kxd2 Kxg7 31. Re7+ Kh6 32. Rxb7 Kxh5 33.
Rxh7+ Kg6 34. Rxa7 Rf8 35. Ke2 Rh8 36. h4 Rc8 37. Kd3 Rc6 38. Ra6 Rd6 39. a4
Kh5 40. Ra8 Rg6 41. Kxd4 Rxg3 42. Rh8+ Kg4 43. Rg8+ Kxh4 44. Rxg3 Kxg3 45. Kc4
Kf4 46. Kb5 Ke5 47. Kxb6 Kd6 48. a5 Kd7 49. Kb7 Kd6 50. a6 Kc5 51. a7 Kb5 52.
a8=Q Kc5 53. Qd8 Kb5 54. Qc7 Kb4 55. Kb6 Ka4 56. Qc4# 1-0

[Event "ODEM U14 2010"]
[Site "Oberhof GER"]
[Date "2010.05.28"]
[Round "6"]
[White "Leyrer, Thomas"]
[Black "Siegl, Melina"]
[Result "1/2-1/2"]
[Termination "normal"]
[Board "9"]
[WhiteElo "1138"]
[BlackElo "1404"]
[PlyCount "50"]
[WhiteFideId "12908274"]
[BlackFideId "1272126"]
[EventCountry "GER"]
[EventRounds "7"]
[EventType "swiss"]
[EventDate "2010.05.22"]

1. d4 d5 2. c4 e6 3. Nc3 Nf6 4. Nf3 b6 5. cxd5 Nxd5 6. e4 Nxc3 7. bxc3 Be7 8.
Bd3 O-O 9. O-O Bb7 10. Qb3 c5 11. Qd1 Qc7 12. Bb2 Rd8 13. Qe2 Nc6 14. Rfd1 Rac8
15. Ba6 Bxa6 16. Qxa6 Na5 17. Qe2 c4 18. Qe3 b5 19. Re1 Rb8 20. Qc1 a6 21. Rb1
Nc6 22. a3 a5 23. Qd2 h6 24. Red1 Qd7 25. Qf4 Qb7 1/2-1/2

[Event "ODEM U14 2010"]
[Site "Oberhof GER"]
[Date "2010.05.28"]
[Round "6"]
[White "Peters, Florian"]
[Black "Mikeler, Marcel"]
[Result "1/2-1/2"]
[Termination "normal"]
[Board "10"]
[WhiteElo "1248"]
[BlackElo "1180"]
[PlyCount "64"]
[WhiteFideId "12952028"]
[BlackFideId "12927856"]
[EventCountry "GER"]
[EventRounds "7"]
[EventType "swiss"]
[EventDate "2010.05.22"]

1. c4 e6 2. Nc3 d5 3. cxd5 exd5 4. d4 Nf6 5. g3 Be7 6. Bg2 O-O 7. Bg5 Nbd7 8.
Nf3 c6 9. O-O h6 10. Bf4 Re8 11. Qd3 Nb6 12. Rfe1 Be6 13. e4 dxe4 14. Nxe4 Nxe4
15. Qxe4 Bd6 16. Bxd6 Qxd6 17. b3 Nd5 18. Qd3 Rad8 19. Rad1 Bg4 20. Rxe8+ Rxe8
21. Rd2 Bxf3 22. Bxf3 Re7 23. Qc4 Qb4 24. Qxb4 Nxb4 25. a3 Nd5 26. Re2 Kf8 27.
Kg2 f6 28. Rxe7 Kxe7 29. Bg4 Kd6 30. Kf3 g5 31. Ke4 Ne7 32. Bh3 h5 1/2-1/2

[Event "ODEM U14 2010"]
[Site "Oberhof GER"]
[Date "2010.05.28"]
[Round "6"]
[White "Glase, Johan"]
[Black "Martin, Raphael"]
[Result "0-1"]
[Termination "normal"]
[Board "11"]
[WhiteElo "1068"]
[BlackElo "1237"]
[PlyCount "48"]
[BlackFideId "12952036"]
[EventCountry "GER"]
[EventRounds "7"]
[EventType "swiss"]
[EventDate "2010.05.22"]

1. g3 c5 2. Bg2 Nf6 3. d3 d5 4. Nf3 Nc6 5. O-O e5 6. c4 Be7 7. Bd2 O-O 8. Nc3
Be6 9. b3 b6 10. a3 Rc8 11. Qc2 Qd7 12. Na2 Rfd8 13. b4 a6 14. Rfd1 dxc4 15.
dxc4 e4 16. Ng5 Nd4 17. Qb2 Nxe2+ 18. Kh1 Bxc4 19. Bf1 h6 20. Nc3 Qd4 21. Be3
Qxc3 22. Qxc3 Nxc3 23. Rxd8+ Rxd8 24. Bxc4 hxg5 0-1

[Event "ODEM U14 2010"]
[Site "Oberhof GER"]
[Date "2010.05.28"]
[Round "6"]
[White "Herbrig, Marie-Helén"]
[Black "Triantafillidis, Zoe"]
[Result "1-0"]
[Termination "normal"]
[Board "12"]
[WhiteElo "1368"]
[BlackElo "1044"]
[PlyCount "85"]
[WhiteFideId "12900427"]
[BlackFideId "12900150"]
[EventCountry "GER"]
[EventRounds "7"]
[EventType "swiss"]
[EventDate "2010.05.22"]

1. e4 c6 2. d4 d5 3. exd5 cxd5 4. Bd3 Nc6 5. c3 Bd7 6. Qb3 Bc8 7. Bf4 e6 8. Nf3
Bd6 9. Bg5 Nf6 10. Nbd2 h6 11. Bh4 Na5 12. Qc2 Nc6 13. O-O e5 14. dxe5 Bxe5 15.
Nxe5 Nxe5 16. Rfe1 Qd6 17. Bg3 Nfd7 18. f4 O-O 19. fxe5 Qb6+ 20. Kh1 Nc5 21.
Bf2 Qc6 22. Be2 b6 23. b4 Ne6 24. a4 d4 25. Bf3 Qxc3 26. Qxc3 dxc3 27. Bxa8
cxd2 28. Red1 Rd8 29. Be3 Ba6 30. Bc6 Bc4 31. Rac1 dxc1=Q 32. Rxc1 Bd5 33. Bb5
Be4 34. Bf2 Rd2 35. Kg1 Rb2 36. h3 Rxb4 37. Rc8+ Kh7 38. Rc1 Kg6 39. Be8 Nf4
40. Rc7 Bd5 41. Rd7 Bc6 42. Rd6+ Ne6 43. Rxe6+ 1-0

[Event "ODEM U14 2010"]
[Site "Oberhof GER"]
[Date "2010.05.28"]
[Round "6"]
[White "Dopmann, Sina"]
[Black "Wegmann, Sven"]
[Result "0-1"]
[Termination "normal"]
[Board "13"]
[WhiteElo "1108"]
[BlackElo "1354"]
[PlyCount "60"]
[BlackFideId "1270756"]
[EventCountry "GER"]
[EventRounds "7"]
[EventType "swiss"]
[EventDate "2010.05.22"]

1. Nc3 c5 2. e4 d6 3. f4 Nf6 4. Nf3 g6 5. g3 Bg7 6. Bg2 Nc6 7. O-O O-O 8. d3
Bg4 9. Be3 Qc8 10. Qd2 Bh3 11. Nd1 Bxg2 12. Qxg2 Ng4 13. Bd2 Nd4 14. c3 Nxf3+
15. Rxf3 f5 16. h3 Nh6 17. e5 Nf7 18. exd6 exd6 19. Nf2 d5 20. Re1 d4 21. c4
Re8 22. Rxe8+ Qxe8 23. Qf1 b5 24. b3 a5 25. Qe1 Qc6 26. Qe2 Re8 27. Qd1 b4 28.
a4 bxa3 29. Bxa5 a2 30. Kg2 Ra8 0-1

[Event "ODEM U14 2010"]
[Site "Oberhof GER"]
[Date "2010.05.28"]
[Round "6"]
[White "Döpper, Anna Berenice"]
[Black "Hesse, Henrik"]
[Result "0-1"]
[Termination "normal"]
[Board "15"]
[WhiteElo "1001"]
[BlackElo "1113"]
[PlyCount "84"]
[WhiteFideId "1271853"]
[BlackFideId "12952060"]
[EventCountry "GER"]
[EventRounds "7"]
[EventType "swiss"]
[EventDate "2010.05.22"]

1. e4 e5 2. d4 exd4 3. Nf3 Nc6 4. c3 dxc3 5. Bc4 Nf6 6. Nxc3 d6 7. O-O Be7 8.
Bg5 O-O 9. Re1 Re8 10. Bxf6 Bxf6 11. Qb3 Rf8 12. Nd5 Na5 13. Nxf6+ Qxf6 14. Qc2
Nxc4 15. Qxc4 c6 16. e5 dxe5 17. Rxe5 Be6 18. Qb4 Bd5 19. Re3 b6 20. Rae1 Qg6
21. Qe7 h6 22. Nh4 Qf6 23. Qxf6 gxf6 24. Rg3+ Kh7 25. b3 Rae8 26. Ree3 Re4 27.
Nf5 Rxe3 28. Rxe3 Be6 29. Nd4 Rd8 30. Rd3 c5 31. Kf1 Rxd4 32. Rxd4 cxd4 33. Ke2
Bf5 34. Kd2 b5 35. b4 Kg7 36. a3 Kf8 37. Kc1 Ke7 38. Kd2 Kd6 39. Kc1 Kd5 40.
Kb2 Kc4 41. f3 Kd3 42. Kc1 Ke2 0-1

[Event "ODEM U14 2010"]
[Site "Oberhof GER"]
[Date "2010.05.28"]
[Round "6"]
[White "Schramm, Moritz"]
[Black "Svane, Frederik"]
[Result "1-0"]
[Termination "normal"]
[Board "16"]
[WhiteElo "1173"]
[BlackElo "821"]
[PlyCount "67"]
[WhiteFideId "12923508"]
[BlackFideId "12923044"]
[EventCountry "GER"]
[EventRounds "7"]
[EventType "swiss"]
[EventDate "2010.05.22"]

1. Nc3 c5 2. e4 Nc6 3. f4 d6 4. g3 Nf6 5. Bg2 Bg4 6. Nge2 Nd4 7. O-O Qb6 8. Kh1
Qa6 9. d3 b5 10. h3 Bh5 11. g4 b4 12. Nd5 Nxd5 13. exd5 Bxg4 14. hxg4 Nb5 15.
Ng3 g6 16. f5 Qb6 17. Re1 Nc7 18. f6 Kd7 19. fxe7 Bxe7 20. Qe2 Rae8 21. Qf2
Rhf8 22. Bh6 Rg8 23. Qxf7 Kd8 24. Rxe7 Rxe7 25. Qxg8+ Re8 26. Bg5+ Kc8 27. Qxh7
Qb8 28. Qxg6 Kb7 29. Qxd6 Rh8+ 30. Kg1 Qg8 31. Qc6+ Kc8 32. d6 Qg7 33. Qb7+ Kd7
34. Qxc7+ 1-0

[Event "ODEM U14 2010"]
[Site "Oberhof GER"]
[Date "2010.05.28"]
[Round "6"]
[White "Neumann, Tiemon"]
[Black "Schirra, Maurice"]
[Result "0-1"]
[Termination "normal"]
[Board "17"]
[WhiteElo "1030"]
[BlackElo "1127"]
[PlyCount "114"]
[WhiteFideId "12925462"]
[BlackFideId "12941115"]
[EventCountry "GER"]
[EventRounds "7"]
[EventType "swiss"]
[EventDate "2010.05.22"]

1. e4 c5 2. Nf3 d6 3. d4 cxd4 4. Nxd4 Nf6 5. Nc3 g6 6. Be3 Bg7 7. f3 O-O 8. Qd2
d5 9. O-O-O dxe4 10. Nxe4 Nxe4 11. fxe4 Qb6 12. Nb5 Qc6 13. Qd5 Qxd5 14. exd5
Nd7 15. h4 Nb6 16. h5 Bg4 17. Rd2 Bxh5 18. Bg5 Rfc8 19. Bxe7 Bh6 20. g3 Bxd2+
21. Kxd2 Nxd5 22. Bd6 Rd8 23. Bg2 a6 24. Bxd5 axb5 25. g4 Rxd6 26. gxh5 Rxd5+
27. Kc1 Rxh5 28. Re1 Rxa2 29. Kb1 Ra6 30. Re8+ Kg7 31. Re1 Re6 32. Rd1 Kf6 33.
b3 Rhe5 34. Kb2 Re8 35. Rd2 Rc5 36. Rd7 Rec8 37. Rd6+ Kg7 38. Rd2 Rxc2+ 39.
Rxc2 Rxc2+ 40. Kxc2 f5 41. Kd3 g5 42. Ke3 h5 43. Kf3 Kf6 44. Kg3 Ke5 45. Kf3
Kd4 46. Kg3 Kc3 47. Kf3 Kxb3 48. Ke3 Kc3 49. Ke2 b4 50. Kd1 b3 51. Kc1 b2+ 52.
Kb1 h4 53. Ka2 h3 54. Ka3 h2 55. Ka4 h1=Q 56. Kb5 Qc6+ 57. Ka5 Qa6# 0-1

[Event "ODEM U14 2010"]
[Site "Oberhof GER"]
[Date "2010.05.28"]
[Round "6"]
[White "Schnabel, Bennett"]
[Black "Michalowski, Melina"]
[Result "1-0"]
[Termination "normal"]
[Board "18"]
[WhiteElo "1043"]
[BlackElo "1006"]
[PlyCount "111"]
[WhiteFideId "12943290"]
[BlackFideId "12902462"]
[EventCountry "GER"]
[EventRounds "7"]
[EventType "swiss"]
[EventDate "2010.05.22"]

1. e4 c6 2. d4 d5 3. Nc3 e6 4. Nf3 Bb4 5. e5 Ne7 6. a3 Ba5 7. Be3 Ng6 8. Qd3
O-O 9. Be2 Nd7 10. O-O f6 11. exf6 Nxf6 12. Rad1 Bxc3 13. Qxc3 Ne4 14. Qd3 Qe7
15. Nd2 Nd6 16. Rde1 e5 17. dxe5 Nxe5 18. Qc3 Nb5 19. Qb3 Qh4 20. Bxb5 cxb5 21.
Qxb5 Kh8 22. Qxd5 Ng4 23. h3 Rd8 24. Qb5 Nf6 25. Qc4 Qh5 26. Nf3 Bxh3 27. Qh4
Qxh4 28. Nxh4 Bd7 29. c4 Bc6 30. Rd1 Ba4 31. Rxd8+ Rxd8 32. Bxa7 Rd2 33. b4 Rc2
34. c5 Re2 35. Rb1 Bb5 36. Rd1 h6 37. Rd8+ Kh7 38. f3 Re1+ 39. Kf2 Nh5 40. Kxe1
Bc6 41. Rb8 Nf6 42. a4 Bxa4 43. Rxb7 Nd5 44. b5 Nb4 45. Nf5 Kg6 46. Nxg7 Kg5
47. b6 Nc6 48. Ke2 Bb5+ 49. Ke3 Kf6 50. Kf4 Kg6 51. g4 Bc4 52. Rc7 Na5 53. c6
Bd5 54. b7 Nxb7 55. cxb7 Bxb7 56. Rxb7 1-0

[Event "ODEM U14 2010"]
[Site "Oberhof GER"]
[Date "2010.05.28"]
[Round "6"]
[White "Wenninger, Patrick"]
[Black "Titgemeyer, Eva Maria"]
[Result "0-1"]
[Termination "time forfeit"]
[Board "19"]
[WhiteElo "759"]
[BlackElo "1039"]
[PlyCount "64"]
[WhiteFideId "12927880"]
[BlackFideId "24655350"]
[EventCountry "GER"]
[EventRounds "7"]
[EventType "swiss"]
[EventDate "2010.05.22"]

1. e4 e5 2. f4 Qh4+ 3. g3 Qe7 4. Nc3 f5 5. Bc4 fxe4 6. Nge2 c6 7. fxe5 Qxe5 8.
d4 exd3 9. Qxd3 d5 10. Bb3 Bf5 11. Qf3 Be4 12. Nxe4 Qxe4 13. Qxe4+ dxe4 14. O-O
Nd7 15. Bf7+ Kd8 16. Bg5+ Ngf6 17. Nc3 Bc5+ 18. Kg2 Kc7 19. Rae1 Bb4 20. Bf4+
Kb6 21. Re2 Bxc3 22. bxc3 Rhf8 23. Rb1+ Ka6 24. Bc4+ b5 25. Be6 Rae8 26. Bf5
Nc5 27. Bd6 Na4 28. Rb3 Rf7 29. Re3 Rd8 30. Be5 Rd2+ 31. Kh3 Rxc2 32. Bc8+ Ka5
0-1

[Event "ODEM U14 2010"]
[Site "Oberhof GER"]
[Date "2010.05.28"]
[Round "6"]
[White "Holstein, David"]
[Black "Kravets, Nazar"]
[Result "1-0"]
[Termination "normal"]
[Board "20"]
[WhiteElo "997"]
[BlackElo "810"]
[PlyCount "81"]
[EventCountry "GER"]
[EventRounds "7"]
[EventType "swiss"]
[EventDate "2010.05.22"]

1. e4 e5 2. Nf3 Nc6 3. d4 exd4 4. Bc4 d6 5. Nxd4 Nxd4 6. Qxd4 Nf6 7. O-O c5 8.
Qd1 Nxe4 9. Re1 Qh4 10. Bxf7+ Kxf7 11. Qd5+ Be6 12. Qxe4 Qxe4 13. Rxe4 Bf5 14.
Re2 Re8 15. Rxe8 Kxe8 16. Na3 Kd7 17. Bd2 Be7 18. Rd1 Bf6 19. b4 Bb2 20. Bc1
Bxa3 21. Bxa3 Bxc2 22. Rd2 cxb4 23. Bxb4 Rc8 24. Rxd6+ Ke8 25. Re6+ Kf7 26.
Re7+ Kf6 27. h3 a5 28. Ba3 b5 29. Rb7 b4 30. Bb2+ Ke6 31. Bxg7 Be4 32. Ra7 Rc1+
33. Kh2 Rc5 34. g4 Rg5 35. Kg3 Bd5 36. f4 Rxg7 37. Rxg7 Bxa2 38. f5+ Kf6 39.
Rb7 b3 40. Kf4 a4 41. g5# 1-0

[Event "ODEM U14 2010"]
[Site "Oberhof GER"]
[Date "2010.05.28"]
[Round "6"]
[White "Henke, Georg"]
[Black "Eggert, Daniela"]
[Result "1-0"]
[Termination "normal"]
[Board "22"]
[WhiteElo "1176"]
[BlackElo "971"]
[PlyCount "73"]
[WhiteFideId "24693936"]
[BlackFideId "12991490"]
[EventCountry "GER"]
[EventRounds "7"]
[EventType "swiss"]
[EventDate "2010.05.22"]

1. e4 e5 2. d4 exd4 3. c3 dxc3 4. Bc4 cxb2 5. Bxb2 Nc6 6. Nf3 Bb4+ 7. Nc3 d6 8.
O-O Nf6 9. Ng5 Ne5 10. Qa4+ Bd7 11. Qxb4 Nxc4 12. Qxc4 O-O 13. Qd4 h6 14. Nf3
c5 15. Qxd6 b6 16. Ne5 Ba4 17. Qxd8 Rfxd8 18. Nxa4 Nxe4 19. Nc3 Nd2 20. Rfd1 f6
21. Ng4 Rd4 22. Ne3 Nf1 23. Rxf1 Rd2 24. Rab1 Rad8 25. Rfd1 Rxd1+ 26. Rxd1
Rxd1+ 27. Ncxd1 Kf7 28. Nc3 Ke6 29. Nb5 a6 30. Nc7+ Kd7 31. Nxa6 Kc6 32. Nb8+
Kb5 33. Kf1 Kb4 34. Ke2 b5 35. Nc6+ Ka4 36. Nd5 f5 37. Nb6# 1-0

[Event "ODEM U14 2010"]
[Site "Oberhof GER"]
[Date "2010.05.28"]
[Round "6"]
[White "Michalowski, Sophia"]
[Black "Morio, Estelle"]
[Result "1-0"]
[Termination "normal"]
[Board "23"]
[WhiteElo "956"]
[BlackElo "881"]
[PlyCount "131"]
[WhiteFideId "12902454"]
[BlackFideId "12951951"]
[EventCountry "GER"]
[EventRounds "7"]
[EventType "swiss"]
[EventDate "2010.05.22"]

1. d4 Nf6 2. c4 e6 3. Nc3 Bb4 4. Bg5 Bxc3+ 5. bxc3 d5 6. e3 Nbd7 7. cxd5 exd5
8. Nf3 h6 9. Bh4 c6 10. Bd3 O-O 11. O-O Qc7 12. Bg3 Qd8 13. c4 b6 14. cxd5 Nxd5
15. Bd6 Re8 16. Bc2 N5f6 17. Qd3 g6 18. Bb3 Bb7 19. Qxg6+ Kh8 20. Qxh6+ Kg8 21.
Ng5 Re7 22. Bxe7 Qxe7 23. Qg6+ Kf8 24. Bxf7 Qd6 25. e4 c5 26. e5 Qc6 27. Ne6+
Ke7 28. f3 Nd5 29. Rad1 Nf8 30. Nxf8 Qxg6 31. Bxg6 Kxf8 32. Be4 Rd8 33. Bxd5
Bxd5 34. h4 Bc4 35. Rfe1 cxd4 36. a3 d3 37. e6 Ke7 38. g4 Bxe6 39. f4 Kf7 40.
f5 Bc4 41. Rd2 Rg8 42. g5 Kg7 43. Re7+ Kh8 44. f6 Rf8 45. Rxa7 Kg8 46. Rg7+ Kh8
47. Rc7 Ba6 48. Rd7 Kg8 49. Rd6 Bc4 50. h5 Kh7 51. g6+ Kh6 52. f7 Kg7 53. R6xd3
Bxd3 54. Rxd3 b5 55. Rh3 Kh6 56. Kg2 Rb8 57. Kg3 Rf8 58. Kf4 Rd8 59. Ke5 Rf8
60. Kf6 Rd8 61. Ke7 Rb8 62. f8=Q+ Rxf8 63. Kxf8 Kg5 64. g7 Kg4 65. g8=Q+ Kxh3
66. h6 1-0

[Event "ODEM U14 2010"]
[Site "Oberhof GER"]
[Date "2010.05.28"]
[Round "6"]
[White "Falke, Janis"]
[Black "Holzapfel, Jan-Marius"]
[Result "1-0"]
[Termination "normal"]
[Board "24"]
[WhiteElo "904"]
[BlackElo "849"]
[PlyCount "109"]
[EventCountry "GER"]
[EventRounds "7"]
[EventType "swiss"]
[EventDate "2010.05.22"]

1. e4 e5 2. Nf3 Nc6 3. Bc4 Nf6 4. Nc3 Bc5 5. O-O d6 6. d3 Bg4 7. h3 Bh5 8. g4
Bg6 9. Bg5 h6 10. Bxf6 Qxf6 11. Nd5 Qd8 12. a3 Qd7 13. b4 Bd4 14. Nxd4 Nxd4 15.
c3 Nc6 16. Bb5 a6 17. Bxc6 Qxc6 18. a4 O-O 19. Ne7+ Kh8 20. Nxc6 bxc6 21. c4
Rab8 22. Rb1 f6 23. b5 axb5 24. axb5 cxb5 25. Rxb5 Rxb5 26. cxb5 Rb8 27. Qc2
Rb7 28. b6 Rxb6 29. Qxc7 Rb4 30. Qxd6 Rd4 31. Qf8+ Kh7 32. Qa3 Bf7 33. Rc1 Be6
34. Rc7 Rd7 35. Rxd7 Bxd7 36. Qd6 Bb5 37. d4 exd4 38. Qxd4 Be8 39. e5 fxe5 40.
Qe4+ Bg6 41. Qxe5 Bd3 42. g5 hxg5 43. Qxg5 Be2 44. Qf5+ g6 45. Qf7+ Kh6 46. Qe6
Kh5 47. Qxe2+ Kh6 48. f4 g5 49. Qe6+ Kh5 50. Qg4+ Kh6 51. fxg5+ Kh7 52. g6+ Kh6
53. g7 Kh7 54. g8=Q+ Kh6 55. Q8g6# 1-0